Budapest és Bécs turisztikai látnivalóinak nyelvi tájképe

Bibliographic Details
Main Author: Várszegi Lajos
Other Authors: Holczerné Szentirmai Ágnes
Format: Thesis
Kulcsszavak:Bécs
Budapest
Városi turizmus
nyelv
Kommunikáció
Online Access:http://dolgozattar.uni-bge.hu/18256

MARC

LEADER 00000nta a2200000 i 4500
001 dolg18256
005 20190130135804.0
008 181126suuuu hu om 000 hun d
040 |a BGE Dolgozattár Repozitórium  |b hun 
041 |a hu 
100 1 |a Várszegi Lajos 
245 1 0 |a Budapest és Bécs turisztikai látnivalóinak nyelvi tájképe  |c Várszegi Lajos  |h [elektronikus dokumentum] 
246 1 1 |a Budapest és Bécs turisztikai látnivalóinak nyelvi tájképe 
695 |a Bécs 
695 |a Budapest 
695 |a Városi turizmus 
695 |a nyelv 
695 |a Kommunikáció 
700 1 |a Holczerné Szentirmai Ágnes  |e ths 
856 4 0 |u http://dolgozattar.uni-bge.hu/18256/1/V%C3%A1rszegi%20Lajos_G4ZBHI.pdf  |z Dokumentum-elérés